Online Catalogue and eLibrary

Culture,ideology,hegemony : (Record no. 4445)

MARC details
000 -LEADER
fixed length control field 00499nam a2200193Ia 4500
005 - DATE AND TIME OF LATEST TRANSACTION
control field 20250116053853.0
008 - FIXED-LENGTH DATA ELEMENTS--GENERAL INFORMATION
fixed length control field 240331s9999 xx 000 0 und d
020 ## - INTERNATIONAL STANDARD BOOK NUMBER
ISBN 8185229392
082 ## - DDC Classification
Item Number - Author Mark PAN
100 ## - MAIN ENTRY--PERSONAL NAME
Personal name Panikkar, K.N
245 #0 - TITLE STATEMENT
Title Culture,ideology,hegemony :
Remainder of title intellectuals and social consciousness in colonial India
260 ## - PUBLICATION, DISTRIBUTION, ETC.
Place of publication, distribution, etc. New Delhi
Name of publisher, distributor, etc. Tulika
Date of publication, distribution, etc. 2001
300 ## - PHYSICAL DESCRIPTION
Extent (e.g. Volumes, Pages etc.) X, 212 p .,
650 ## - SUBJECT ADDED ENTRY--TOPICAL TERM
Topical term or geographic name entry element Cultural
650 ## - SUBJECT ADDED ENTRY--TOPICAL TERM
Topical term or geographic name entry element Ideology
650 ## - SUBJECT ADDED ENTRY--TOPICAL TERM
Topical term or geographic name entry element Medicine
650 ## - SUBJECT ADDED ENTRY--TOPICAL TERM
Topical term or geographic name entry element Social
942 ## - Koha item type (Biblio)
Koha item type Books in Stacks (Lending)
Holdings
Lost status Damaged status Collection code Home library Current library Shelving location Date acquired Full call number Accession Number Item type
    Lending WERC Library WERC Library Social Science Cupboard 03/31/2024 934 PAN 4741 Books in Stacks (Lending)

© WERC Library